000 00819nam a2200229Ia 4500
003 GCL
008 140319s9999 xx 000 0 ara d
020 _a4881470977
040 _aGCL /
_cGCL
082 0 4 _aق
_b962.76
_bم ل
100 1 _aمحمد الطويل
245 1 0 _aلعبة الامم والسادات /
_cمحمد الطويل
250 _a1الاولى
260 _aالقاهرة :
_bالزهراء للاعلام العربى ،
_c1988
300 _a693 ؛
_c24 سم
650 0 4 _aتاريخ حديث
650 0 4 _aالسياسيون المصريون
650 0 4 _aالصراع الاسرائيلى فى مصر
650 0 4 _aمصر - اتفاقيات كامب ديفيد
650 0 4 _aمصر - تاريخ - العصر الحديث - انور السادات (1971 - 1981)
942 _2ddc
_cBK
999 _c57748
_d57748